[Event "Windsor NAYCC U10"]
[Site "Windsor"]
[Date "2016.08.11"]
[Round "8.140"]
[White "Vijayakumar, Advaith"]
[Black "Zhu, Max"]
[Result "1/2-1/2"]
[WhiteElo "1402"]
[BlackElo "1436"]
[PlyCount "55"]
[EventDate "2016.08.07"]
[EventType "swiss"]
[EventRounds "9"]
[EventCountry "CAN"]
[SourceTitle "EXT 2022"]
[Source "ChessBase"]
[SourceDate "2021.10.06"]
[SourceVersion "1"]
[SourceVersionDate "2021.10.06"]
[SourceQuality "1"]

1. d4 Nf6 2. c4 e6 3. Nf3 Ne4 4. a3 d5 5. e3 Be7 6. Nbd2 Nf6 7. Bd3 Nbd7 8. 0-0 c5 9. b3 cxd4 10. exd4 0-0 11. Bb2 b6 12. Qc2 Bb7 13. Rfe1 Rc8 14. Rac1 h6 15. Qd1 Nh5 16. g3 g5 17. h3 dxc4 18. bxc4 Qc7 19. Kh2 Ndf6 20. Be2 Bd6 21. Ne5 Ng7 22. Bf1 Nfh5 23. Be2 f6 24. Bxh5 fxe5 25. Bf3 Rxf3 26. Nxf3 exd4 27. Nxd4 Rf8 28. Qc2 1/2-1/2

[Event "Windsor NAYCC U10"]
[Site "Windsor"]
[Date "2016.08.11"]
[Round "9.140"]
[White "Zhu, Max"]
[Black "Yuan, Edison Yi"]
[Result "1/2-1/2"]
[WhiteElo "1436"]
[BlackElo "1666"]
[PlyCount "67"]
[EventDate "2016.08.07"]
[EventType "swiss"]
[EventRounds "9"]
[EventCountry "CAN"]
[SourceTitle "EXT 2022"]
[Source "ChessBase"]
[SourceDate "2021.10.06"]
[SourceVersion "1"]
[SourceVersionDate "2021.10.06"]
[SourceQuality "1"]

1. e4 c5 2. Be2 Nc6 3. f4 e6 4. Nf3 d5 5. d3 dxe4 6. dxe4 Qxd1+ 7. Bxd1 Nf6 8. Nc3 Be7 9. 0-0 0-0 10. Be2 a6 11. Kh1 b5 12. Be3 Bb7 13. Bg1 Rfd8 14. e5 Nd5 15. Nxd5 Rxd5 16. c4 bxc4 17. Bxc4 Rdd8 18. f5 exf5 19. e6 fxe6 20. Bxe6+ Kh8 21. Rac1 Bc8 22. Bxc8 Raxc8 23. Bxc5 Bxc5 24. Rxc5 Ne7 25. Re5 Rd7 26. Rfe1 Rcc7 27. Rxf5 g6 28. Rf6 Ra7 29. h3 Nd5 30. Rf8+ Kg7 31. Ree8 Kh6 32. Rd8 Nb4 33. a3 Nd3 34. b4 1/2-1/2

[Event "Windsor NAYCC U10"]
[Site "Windsor"]
[Date "2016.08.08"]
[Round "2.134"]
[White "Kondakov, Adrian"]
[Black "Zhu, Max"]
[Result "1-0"]
[WhiteElo "1675"]
[BlackElo "1436"]
[PlyCount "51"]
[EventDate "2016.08.07"]
[EventType "swiss"]
[EventRounds "9"]
[EventCountry "CAN"]
[SourceTitle "EXT 2022"]
[Source "ChessBase"]
[SourceDate "2021.10.06"]
[SourceVersion "1"]
[SourceVersionDate "2021.10.06"]
[SourceQuality "1"]

1. e4 e5 2. Nf3 Nc6 3. Bb5 Bc5 4. 0-0 Nf6 5. d3 d6 6. h3 0-0 7. c3 h6 8. Nbd2 a6 9. Ba4 b5 10. Bc2 g5 11. Nh2 h5 12. Nb3 g4 13. Nxc5 dxc5 14. hxg4 Nxg4 15. Nxg4 hxg4 16. Bh6 Qh4 17. Bxf8 Kxf8 18. Qd2 Kg7 19. Qe3 Be6 20. Qg3 Qg5 21. f4 Qh5 22. f5 Bd7 23. Kf2 Qg5 24. Ke2 b4 25. Rh1 f6 26. Rh4 1-0

[Event "CAN-ch U10"]
[Site "Windsor"]
[Date "2016.07.08"]
[Round "7.92"]
[White "Zhu, Max"]
[Black "Yuan, Kevin"]
[Result "1-0"]
[WhiteElo "1460"]
[BlackElo "979"]
[PlyCount "59"]
[EventDate "2016.07.05"]
[EventType "swiss"]
[EventRounds "7"]
[EventCountry "CAN"]
[SourceTitle "EXT 2022"]
[Source "ChessBase"]
[SourceDate "2021.10.06"]
[SourceVersion "1"]
[SourceVersionDate "2021.10.06"]
[SourceQuality "1"]

1. e4 e5 2. Nf3 Nc6 3. Bc4 Bc5 4. 0-0 Nf6 5. d3 h6 6. Nc3 0-0 7. Be3 Bb6 8. Na4 Bxe3 9. fxe3 a6 10. Nc3 d6 11. h3 Be6 12. Bb3 Qd7 13. Nh4 Rad8 14. Nf5 Bxf5 15. exf5 d5 16. Qf3 Rfe8 17. Rad1 d4 18. Ne4 Nd5 19. Bxd5 Qxd5 20. Qg3 Kh7 21. f6 g6 22. Qh4 h5 23. Rf5 Kh6 24. Rxh5+ gxh5 25. Qg5+ Kh7 26. Qxh5+ Kg8 27. Ng5 Qxg2+ 28. Kxg2 Re6 29. Qxf7+ Kh8 30. Qg7# 1-0

[Event "CAN-ch U10"]
[Site "Windsor"]
[Date "2016.07.06"]
[Round "3.86"]
[White "Zhu, Max"]
[Black "Gaisinsky, Jacob"]
[Result "1-0"]
[WhiteElo "1460"]
[BlackElo "999"]
[PlyCount "65"]
[EventDate "2016.07.05"]
[EventType "swiss"]
[EventRounds "7"]
[EventCountry "CAN"]
[SourceTitle "EXT 2022"]
[Source "ChessBase"]
[SourceDate "2021.10.06"]
[SourceVersion "1"]
[SourceVersionDate "2021.10.06"]
[SourceQuality "1"]

1. e4 e5 2. Nf3 Nc6 3. Bc4 Bc5 4. 0-0 Nf6 5. d3 d6 6. h3 0-0 7. Bg5 Re8 8. Nc3 h6 9. Bh4 Be6 10. Bd5 Rb8 11. Bxc6 bxc6 12. Rb1 d5 13. Nxe5 d4 14. Nxc6 Qd7 15. Nxb8 Rxb8 16. Bxf6 dxc3 17. Bxc3 Bd4 18. Bxd4 Qxd4 19. c3 Qf6 20. Qa4 Qg6 21. Qxa7 Bxh3 22. Qxb8+ Kh7 23. g3 Qg4 24. Qb5 Qf3 25. Qf5+ Bxf5 26. exf5 Qxf5 27. d4 Qg5 28. Rbe1 h5 29. Re5 Qg6 30. Rfe1 h4 31. Kg2 f5 32. Rh1 Qg4 33. Rxh4+ 1-0

[Event "CAN-ch U10"]
[Site "Windsor"]
[Date "2015.07.07"]
[Round "3.101"]
[White "Zhu, Max"]
[Black "Fedyushchenko, Alexander"]
[Result "0-1"]
[WhiteElo "1423"]
[BlackElo "909"]
[PlyCount "104"]
[EventDate "2015.07.06"]
[EventType "swiss"]
[EventRounds "7"]
[EventCountry "CAN"]
[SourceTitle "EXT 2022"]
[Source "ChessBase"]
[SourceDate "2021.10.06"]
[SourceVersion "1"]
[SourceVersionDate "2021.10.06"]
[SourceQuality "1"]

1. e4 e5 2. Nf3 Nc6 3. Bc4 Nf6 4. Ng5 d5 5. exd5 Na5 6. Bb5+ c6 7. dxc6 bxc6 8. Qf3 Rb8 9. Bxc6+ Nxc6 10. Qxc6+ Nd7 11. Nc3 Qxg5 12. Ne4 Qg6 13. Qxg6 hxg6 14. d3 Bb7 15. 0-0 Nc5 16. f3 f5 17. Nc3 Kd7 18. f4 e4 19. dxe4 Nxe4 20. Rd1+ Kc8 21. Be3 Nxc3 22. bxc3 a5 23. Bb6 Be4 24. Rab1 Rxb6 25. Rxb6 Bc5+ 26. Kh1 Bxb6 27. Rb1 Bc7 28. Rb2 Bxf4 29. h3 Rxh3+ 30. Kg1 Rxc3 31. Rb5 Rxc2 32. Rxa5 Rxg2+ 33. Kf1 Rb2 34. Rc5+ Bc7 35. a4 Kb7 36. a5 Ra2 37. a6+ Rxa6 38. Rb5+ Rb6 39. Rc5 g5 40. Rc3 Rb1+ 41. Ke2 Re1+ 42. Kxe1 Ba5 43. Kd2 Kb6 44. Ke3 Bxc3 45. Ke2 Bd4 46. Kf1 g4 47. Ke2 g3 48. Kf1 g2+ 49. Ke2 g1Q 50. Kd2 Qe3+ 51. Kd1 Qf2 52. Kc1 Qc2# 0-1

[Event "Toronto NAYCC U08"]
[Site "Toronto"]
[Date "2013.08.18"]
[Round "8"]
[White "Zhu, Max"]
[Black "Lalwani, Jay"]
[Result "0-1"]
[WhiteElo "880"]
[BlackElo "1509"]
[PlyCount "78"]
[EventDate "2013.08.14"]
[EventType "swiss"]
[EventRounds "9"]
[EventCountry "CAN"]
[SourceTitle "EXT 2022"]
[Source "ChessBase"]
[SourceDate "2021.10.06"]
[SourceVersion "1"]
[SourceVersionDate "2021.10.06"]
[SourceQuality "1"]

1. e4 c5 2. Bc4 e6 3. Nf3 Nc6 4. 0-0 Nge7 5. Nc3 d5 6. exd5 Nxd5 7. Nxd5 exd5 8. Bb5 Bd7 9. Bxc6 Bxc6 10. Ne5 Be7 11. Re1 0-0 12. Qe2 Re8 13. Nxc6 bxc6 14. Qg4 Bf6 15. Rxe8+ Qxe8 16. h3 Qe1+ 17. Kh2 Qxf2 18. Qg3 Qf5 19. Kh1 Re8 20. d3 Qf1+ 21. Kh2 Be5 22. Qxe5 Rxe5 23. b3 Re1 24. Rb1 Rxc1 25. Rb2 Rb1 26. Rxb1 Qxb1 27. c4 dxc4 28. dxc4 f5 29. Kg3 Qe4 30. Kf2 Qd3 31. Ke1 Qc2 32. Kf1 f4 33. Kg1 Qe2 34. a3 Kf7 35. b4 cxb4 36. axb4 Kf6 37. Kh2 Qf2 38. b5 f3 39. bxc6 Qxg2# 0-1

[Event "Toronto NAYCC U08"]
[Site "Toronto"]
[Date "2013.08.17"]
[Round "7"]
[White "Zhu, Max"]
[Black "Zhao, Jonathan"]
[Result "0-1"]
[WhiteElo "880"]
[BlackElo "1196"]
[PlyCount "124"]
[EventDate "2013.08.14"]
[EventType "swiss"]
[EventRounds "9"]
[EventCountry "CAN"]
[SourceTitle "EXT 2022"]
[Source "ChessBase"]
[SourceDate "2021.10.06"]
[SourceVersion "1"]
[SourceVersionDate "2021.10.06"]
[SourceQuality "1"]

1. e4 d5 2. exd5 Qxd5 3. Nc3 Qa5 4. d4 Nf6 5. Nf3 Nc6 6. Bc4 Bg4 7. h3 Qh5 8. Be2 0-0-0 9. Be3 e5 10. 0-0 exd4 11. hxg4 Nxg4 12. Bg5 f6 13. Bf4 dxc3 14. Qc1 cxb2 15. Qxb2 Bd6 16. Bxd6 Rxd6 17. Rfd1 Re6 18. Bc4 Re4 19. Rab1 b6 20. Bd5 Nce5 21. Bxe4 Nxf3+ 22. Bxf3 Qh2+ 23. Kf1 Re8 24. Bxg4+ Kb8 25. Rd8+ Rxd8 26. Re1 Qg1+ 27. Ke2 Re8+ 28. Kd3 Qxe1 29. Bf3 Rd8+ 30. Kc4 Qe6+ 31. Kc3 Qe5+ 32. Kb3 Qxb2+ 33. Kxb2 Rd2 34. Be4 Rxf2 35. Bxh7 Rxg2 36. Be4 Re2 37. Bd3 Re7 38. Bg6 Re5 39. Bf7 f5 40. Bh5 f4 41. Bf3 g5 42. Kc1 Re3 43. Bg4 Kb7 44. Bh5 Kc6 45. Kd2 Kd5 46. Be2 Ke4 47. Bg4 f3 48. Bh3 f2 49. Bf1 Re1 50. Bg2+ Kf4 51. Bh3 f1Q 52. Bxf1 Rxf1 53. Ke2 Rf3 54. Ke1 g4 55. Kd2 g3 56. Ke1 g2 57. Ke2 g1Q 58. c3 Qc1 59. c4 Re3+ 60. Kf2 Qe1+ 61. Kg2 Rg3+ 62. Kh2 Qg1# 0-1

[Event "Toronto NAYCC U08"]
[Site "Toronto"]
[Date "2013.08.16"]
[Round "4"]
[White "Zhu, Max"]
[Black "Issani, Nameer"]
[Result "0-1"]
[WhiteElo "880"]
[BlackElo "1425"]
[PlyCount "152"]
[EventDate "2013.08.14"]
[EventType "swiss"]
[EventRounds "9"]
[EventCountry "CAN"]
[SourceTitle "EXT 2022"]
[Source "ChessBase"]
[SourceDate "2021.10.06"]
[SourceVersion "1"]
[SourceVersionDate "2021.10.06"]
[SourceQuality "1"]

1. e4 e5 2. Nf3 Nc6 3. Bc4 Bc5 4. 0-0 d6 5. h3 Nf6 6. d3 Be6 7. Bb5 Qd7 8. Bxc6 Qxc6 9. Bg5 Nd7 10. Nc3 f6 11. Bd2 0-0-0 12. a3 Bb6 13. b4 Nf8 14. b5 Qd7 15. a4 Ba5 16. Ne2 Bxd2 17. Qxd2 g5 18. Nc3 g4 19. hxg4 Bxg4 20. Nh2 Rg8 21. Nxg4 Qxg4 22. f3 Qg3 23. Nd5 Qg7 24. a5 Kb8 25. b6 c6 26. Nc7 a6 27. Rf2 h5 28. Kf1 Qf7 29. d4 Qc4+ 30. Re2 Ng6 31. Qd3 Qxd3 32. cxd3 Nf4 33. Rd2 exd4 34. Ra4 c5 35. Nd5 Nxd5 36. exd5 Rg5 37. Re2 Rxd5 38. Re7 Re5 39. Rh7 Rde8 40. Ra1 Re3 41. Rxh5 Rxd3 42. Kf2 c4 43. Rah1 c3 44. Rh8 Rde3 45. Rxe8+ Rxe8 46. Re1 Rxe1 47. Kxe1 d3 48. Kd1 Kc8 49. g4 Kd7 50. f4 Ke6 51. g5 fxg5 52. fxg5 Kf5 53. g6 Kxg6 54. Kc1 Kf5 55. Kd1 c2+ 56. Kc1 Ke4 57. Kd2 Kd4 58. Kc1 Kc4 59. Kd2 Kb3 60. Kc1 Ka2 61. Kd2 Kb2 62. Kxd3 c1Q 63. Kd4 Kb3 64. Kd5 Kb4 65. Kxd6 Kxa5 66. Kd7 Kxb6 67. Ke6 a5 68. Ke5 a4 69. Ke4 a3 70. Kd5 a2 71. Ke6 a1Q 72. Kd5 Qc5+ 73. Ke4 Qe1+ 74. Kf3 Qf5+ 75. Kg2 Qef2+ 76. Kh1 Qh3# 0-1

[Event "Toronto NAYCC U08"]
[Site "Toronto"]
[Date "2013.08.15"]
[Round "3"]
[White "Hua, Charles"]
[Black "Zhu, Max"]
[Result "0-1"]
[WhiteElo "1440"]
[BlackElo "880"]
[PlyCount "88"]
[EventDate "2013.08.14"]
[EventType "swiss"]
[EventRounds "9"]
[EventCountry "CAN"]
[SourceTitle "EXT 2022"]
[Source "ChessBase"]
[SourceDate "2021.10.06"]
[SourceVersion "1"]
[SourceVersionDate "2021.10.06"]
[SourceQuality "1"]

1. e4 e5 2. Nf3 Nc6 3. Bb5 Bc5 4. 0-0 Nf6 5. c3 a6 6. Ba4 b5 7. Bb3 0-0 8. d4 exd4 9. cxd4 Bb6 10. Bg5 h6 11. Bh4 d6 12. d5 Ne5 13. Nbd2 Bg4 14. Re1 Ba5 15. Qc2 Bxf3 16. Nxf3 Nxf3+ 17. gxf3 Bxe1 18. Rxe1 a5 19. Qc3 a4 20. Bxf6 Qxf6 21. Qxf6 gxf6 22. Bc2 a3 23. b3 Rfc8 24. Bd3 b4 25. Rc1 Ra5 26. Rc4 Rc5 27. Rxb4 Rc1+ 28. Kg2 Ra1 29. e5 fxe5 30. Rg4+ Kf8 31. Bh7 Ke7 32. Rh4 Rxa2 33. Rxh6 Rb2 34. Rh4 Ra8 35. Re4 a2 36. Re1 a1Q 37. Rxa1 Rxa1 38. h4 Raa2 39. h5 Kf6 40. Bg8 Rxf2+ 41. Kg3 Kg5 42. Bxf7 Rg2+ 43. Kh3 Rh2+ 44. Kg3 Rag2# 0-1

[Event "Toronto NAYCC U08"]
[Site "Toronto"]
[Date "2013.08.15"]
[Round "2"]
[White "Zhu, Max"]
[Black "Sydykhanov, Arman"]
[Result "1-0"]
[WhiteElo "880"]
[BlackElo "620"]
[PlyCount "91"]
[EventDate "2013.08.14"]
[EventType "swiss"]
[EventRounds "9"]
[EventCountry "CAN"]
[SourceTitle "EXT 2022"]
[Source "ChessBase"]
[SourceDate "2021.10.06"]
[SourceVersion "1"]
[SourceVersionDate "2021.10.06"]
[SourceQuality "1"]

1. e4 e5 2. Nf3 Nc6 3. Bc4 Bc5 4. 0-0 Nf6 5. Nc3 d6 6. h3 0-0 7. d3 h6 8. a3 Be6 9. Bb3 Nd4 10. Be3 Nxb3 11. cxb3 Bb6 12. b4 Re8 13. a4 a6 14. a5 Ba7 15. Bxa7 Rxa7 16. b5 Nd7 17. bxa6 bxa6 18. b4 c6 19. d4 exd4 20. Nxd4 Bc4 21. Nxc6 Qc7 22. Nxa7 Bxf1 23. Qxf1 Qxa7 24. b5 Qc5 25. Rc1 axb5 26. Nxb5 Qb4 27. a6 Qa5 28. Nxd6 Re6 29. Ra1 Qc7 30. a7 Nb6 31. a8Q+ Nxa8 32. Rxa8+ Kh7 33. Nb5 Qc6 34. Ra4 Qc3 35. Rc4 Qb3 36. Nd4 Qb6 37. Nxe6 Qxe6 38. Qd3 Qa6 39. e5+ Kg8 40. Qc3 Qb5 41. Qd3 Qa6 42. Kh2 g5 43. h4 gxh4 44. Qd8+ Kg7 45. Rg4+ Kh7 46. Qg8# 1-0